Statistics for Brand Logos That Start With G

Click here to take the quiz!

General Stats

  • This quiz has been taken 2,401 times
  • The average score is 8 of 12

Answer Stats

Answer% Correct
Google
100%
Gmail
98%
Gucci
93%
Gatorade
90%
Gap
82%
Goodyear
82%
Guess
57%
Guinness
54%
Gerber
52%
General Mills
31%
Garmin
29%
Gazprom
22%

Score Distribution

Percentile by Number Answered

Percent of People with Each Score

Your Score History

You have not taken this quiz